Rock on trial : (Record no. 48620)
[ view plain ]
| 000 -LEADER | |
|---|---|
| fixed length control field | 00946nam a2200277Ia 4500 |
| 003 - CONTROL NUMBER IDENTIFIER | |
| control field | OCoLC |
| 005 - DATE AND TIME OF LATEST TRANSACTION | |
| control field | 20191029084835.0 |
| 008 - FIXED-LENGTH DATA ELEMENTS--GENERAL INFORMATION | |
| fixed length control field | 890524t19891989enkm a 0 0 eng |
| 020 ## - INTERNATIONAL STANDARD BOOK NUMBER | |
| International Standard Book Number | 085110682X |
| 035 ## - SYSTEM CONTROL NUMBER | |
| System control number | (OCoLC)19887026 |
| 100 1# - MAIN ENTRY--PERSONAL NAME | |
| Personal name | Lawhead, Stephen R., |
| Dates associated with a name | 1950- |
| 245 10 - TITLE STATEMENT | |
| Title | Rock on trial : |
| Remainder of title | pop music and its role in our lives / |
| Statement of responsibility, etc | Steve Lawhead. |
| 250 ## - EDITION STATEMENT | |
| Edition statement | First British edition. |
| 260 ## - PUBLICATION, DISTRIBUTION, ETC. (IMPRINT) | |
| Place of publication, distribution, etc | Leicester, England : |
| Name of publisher, distributor, etc | Inter-Varsity Press, |
| Date of publication, distribution, etc | 1989. |
| 264 #4 - PRODUCTION, PUBLICATION, DISTRIBUTION, MANUFACTURE STATEMENTS | |
| Date of production, publication, distribution, manufacture | ©1989. |
| 300 ## - PHYSICAL DESCRIPTION | |
| Extent | 125 pages. ; |
| Dimensions | 20 cm. |
| 336 ## - CONTENT TYPE | |
| Content Type Term | text |
| Content Type Code | txt |
| Source | rdacontent. |
| 337 ## - MEDIA TYPE | |
| Media Type Term | unmediated |
| Media Type Code | n |
| Source | rdamedia. |
| 338 ## - CARRIER TYPE | |
| Carrier Type Term | volume |
| Carrier Type Code | nc |
| Source | rdacarrier. |
| 500 ## - GENERAL NOTE | |
| General note | Originally published as: Rock reconsidered. c1981. Revised edition published as: Rock of this age. c1987. |
| 650 #0 - SUBJECT ADDED ENTRY--TOPICAL TERM | |
| Topical term or geographic name as entry element | Rock music |
| General subdivision | History and criticism. |
| 650 #0 - SUBJECT ADDED ENTRY--TOPICAL TERM | |
| Topical term or geographic name as entry element | Music |
| General subdivision | Moral and ethical aspects. |
| 650 #0 - SUBJECT ADDED ENTRY--TOPICAL TERM | |
| Topical term or geographic name as entry element | Music, Influence of. |
| 650 #0 - SUBJECT ADDED ENTRY--TOPICAL TERM | |
| Topical term or geographic name as entry element | Popular music. |
| 942 ## - ADDED ENTRY ELEMENTS (KOHA) | |
| Source of classification or shelving scheme | Library of Congress Classification |
| Item type | Books |
| Withdrawn status | Lost status | Source of classification or shelving scheme | Damaged status | Not for loan | Home library | Current library | Shelving location | Date acquired | Inventory number | Total Checkouts | Full call number | Barcode | Date last seen | Price effective from | Koha item type |
|---|---|---|---|---|---|---|---|---|---|---|---|---|---|---|---|
| Library of Congress Classification | BSOP Library | BSOP Library | GC | 10/29/2019 | 13007 | ML3534 L42r | 00021705 | 10/29/2019 | 10/29/2019 | Books |
